000 00607nam a2200241Ia 4500
003 OSt
005 20220924145845.0
006 a|||||r|||| 00| 0
007 ta
008 220923b |||||||| |||| 00| 0 tel d
020 _c12.00
024 _a330562
037 _cTextual
040 _aARTS
_cARTS
_btel
041 _2tel
_atel
082 _aO152,3N14,1, 35M1.1-.2
100 _aYashpal
245 0 _aSimhavalo kanam
260 _c1981
650 _aHINDI LITERATURE
_923866
942 _hO152,3N14,1, 35M1.1-.2
_cTEXL
_2CC
999 _c461371
_d461371